| 000 | 03694cam a2200385 i 4500 | ||
|---|---|---|---|
| 999 |
_c9225 _d9225 |
||
| 001 | 950450445 | ||
| 003 | OCoLC | ||
| 005 | 20241126110707.0 | ||
| 008 | 160531s2017 ilu b 001 0 eng | ||
| 010 | _a2016022741 | ||
| 020 | _a9781433543289 (hc) | ||
| 020 | _a1433543281 (hc) | ||
| 035 |
_a(OCoLC)950450445 _z(OCoLC)992100279 |
||
| 040 |
_aDLC _beng _erda _cDLC _dBTCTA _dYDXCP _dOCLCF _dWIO _dDTM _dIHT |
||
| 042 | _apcc | ||
| 050 | 0 | 0 |
_aBR305.3 _b.R425 2017 |
| 082 | 0 | 0 |
_a230.4 _223 _bREF |
| 092 |
_a230.4 _bR25b |
||
| 245 | 0 | 0 |
_aReformation theology : _ba systematic summary / _cedited by Matthew Barrett ; prologue by Michael Horton. |
| 264 | 1 |
_aWheaton, Illinois : _bCrossway, _c[2017] |
|
| 300 |
_a784 pages ; _c24 cm |
||
| 336 |
_atext _2rdacontent |
||
| 337 |
_aunmediated _2rdamedia |
||
| 338 |
_avolume _2rdacarrier |
||
| 504 | _aIncludes bibliographical references and indexes. | ||
| 505 | 0 | 0 |
_gPrologue : _tWhat are we celebrating? : taking stock after five centuries / _rMichael Horton -- _gIntroduction : -- _g1. The crux of genuine reform / _rMatthew Barrett -- _gPart 1. _tHistorical Background to the Reformation : -- _g2. Late medieval theology / _rGerald Bray -- _g3. _tThe Reformers and their reformations / _rCarl R. Trueman and _rEunjin Kim -- _gPart 2. _tReformation Theology : -- 4. _tSola Scriptura / _rMark D. Thompson -- _g5. _tThe Holy Trinity / _rMichael Reeves -- _g6. _tThe being and attributes of God / _rScott R. Swain -- _g7. _tPredestination and election / _rCornelis P. Venema -- _g8. _tCreation, mankind, and the image of God / _rDouglas F. Kelly -- _g9 _tThe person of Christ / _rRobert Letham -- _g10. _tThe work of Christ / _rDonald Macleod -- _g11. _tThe Holy Spirit / _gGraham A. Cole -- _g12. _tUnion with Christ / _rJ. V. Fesko -- _g13. _tThe bondage and liberation of the will / _rMatthew Barrett -- _g14. _tJustification by faith alone / _rKorey D. Maas -- _g15. _tSanctification, perseverance, and assurance / _rMichael Allen -- _g16. The church / _rRobert Kolb -- _g17. Baptism / _rAaron Clay Denlinger -- _g18. _tThe Lord's Supper / _rKeith A. Mathison -- _g19. _tThe relationship of church and state / _rPeter A. Lillback -- _g20. _tEschatology / _rKim Riddlebarger |
| 520 |
_aFive hundred years ago, the Reformers were defending doctrines such as justification by faith alone, the authority of Scripture, and God's grace in salvation--some to the point of death. Many of these same essential doctrines are still being challenged today, and there has never been a more crucial time to hold fast to the enduring truth of Scripture. In Reformation Theology, Matthew Barrett has brought together a team of expert theologians and historians writing on key doctrines taught and defended by the Reformers centuries ago. With contributions from Michael Horton, Gerald Bray, Michael Reeves, Carl Trueman, Robert Kolb, and many others, this volume stands as a manifesto for the church, exhorting Christians to learn from our spiritual forebears and hold fast to sound doctrine rooted in the Bible and passed on from generation to generation. -- _cProvided by publisher. |
||
| 650 | 0 |
_aReformation. _0http://id.loc.gov/authorities/subjects/sh85112228 _9660 |
|
| 650 | 0 |
_aTheology, Doctrinal _xHistory _y16th century. _0http://id.loc.gov/authorities/subjects/sh85134690 _916044 |
|
| 655 | 7 |
_aHistory. _2fast _0http://id.worldcat.org/fast/1411628 _9661 |
|
| 700 | 1 |
_aBarrett, Matthew, _d1982- _0http://id.loc.gov/authorities/names/n2013007309 _eeditor. _914974 |
|
| 700 | 1 |
_aHorton, Michael Scott, _0http://id.loc.gov/authorities/names/n85334803 _ewriter of foreword. _92781 |
|
| 776 | 0 | 8 |
_iOnline version: _tReformation theology _dWheaton, Illinois : Crossway, 2017 _z9781433543296 _w(DLC) 2016025534. |
| 942 |
_2ddc _cBK _02 |
||